[Event "World Chess Olympiad 2018"]
[Site "Batumi"]
[Date "2018.10.03"]
[Round "9"]
[Board "1"]
[WhiteFideId "14306352"]
[White "Lima Osvaldo Dos Santos"]
[BlackFideId "20700113"]
[Black "Mbongeni Mabuza"]
[Result "0-1"]
[LiveChessVersion "1.4.8"]
[BlackElo "1560"]
[WhiteElo "1803"]

1. c4 {[%clk 1:30:51]} c5 {[%clk 1:29:27]} 2. Nc3 {[%clk 1:31:16]} Nc6
{[%clk 1:29:46]} 3. g3 {[%clk 1:31:30]} g6 {[%clk 1:30:06]} 4. Bg2
{[%clk 1:31:40]} Bg7 {[%clk 1:30:19]} 5. e3 {[%clk 1:31:24]} d6 {[%clk 1:30:36]}
6. Nge2 {[%clk 1:30:19]} e6 {[%clk 1:30:41]} 7. O-O {[%clk 1:28:58]} Nge7
{[%clk 1:30:57]} 8. d4 {[%clk 1:28:26]} O-O 9. b3 Rb8 {[%clk 1:27:34]} 10. Bb2
{[%clk 1:28:07]} b6 {[%clk 1:27:14]} 11. Qd2 {[%clk 1:27:54]} Bb7
{[%clk 1:21:43]} 12. Rfd1 Na5 {[%clk 1:14:05]} 13. Qc2 {[%clk 1:26:37]} Bxg2
{[%clk 1:14:04]} 14. Kxg2 {[%clk 1:27:04]} Qc7 {[%clk 1:14:00]} 15. Kg1
{[%clk 1:26:20]} a6 {[%clk 1:14:01]} 16. Rd2 {[%clk 1:26:13]} Rfd8
{[%clk 1:07:13]} 17. Rad1 {[%clk 1:26:14]} cxd4 {[%clk 1:01:02]} 18. Nxd4
{[%clk 1:25:31]} Rbc8 {[%clk 0:57:44]} 19. Qd3 {[%clk 1:22:45]} Nb7
{[%clk 0:56:42]} 20. Rc1 {[%clk 1:18:53]} Nc5 {[%clk 0:54:51]} 21. Qe2
{[%clk 1:18:31]} Qb7 {[%clk 0:52:59]} 22. Rcd1 {[%clk 1:08:41]} d5
{[%clk 0:42:40]} 23. b4 {[%clk 1:04:05]} Nd7 {[%clk 0:42:50]} 24. cxd5
{[%clk 1:03:52]} exd5 {[%clk 0:34:09]} 25. f4 {[%clk 1:01:34]} Nf6
{[%clk 0:32:37]} 26. g4 {[%clk 0:59:31]} Ne4 {[%clk 0:24:54]} 27. Nxe4
{[%clk 0:58:38]} dxe4 {[%clk 0:25:07]} 28. a4 {[%clk 0:56:16]} Rd7
{[%clk 0:21:56]} 29. h3 {[%clk 0:52:41]} h6 {[%clk 0:16:53]} 30. b5
{[%clk 0:51:30]} a5 {[%clk 0:15:15]} 31. h4 {[%clk 0:48:22]} Nd5 {[%clk 0:13:46]}
32. Nc6 {[%clk 0:45:18]} Bxb2 {[%clk 0:13:36]} 33. Rxd5 {[%clk 0:44:21]} Rxd5
{[%clk 0:13:33]} 34. Rxd5 {[%clk 0:44:24]} Bg7 {[%clk 0:07:33]} 35. Qc4
{[%clk 0:44:20]} Re8 {[%clk 0:06:44]} 36. Kf2 {[%clk 0:43:33]} Kh7
{[%clk 0:05:46]} 37. Qe2 {[%clk 0:42:25]} Qc8 {[%clk 0:05:30]} 38. Qd1
{[%clk 0:42:32]} Qe6 {[%clk 0:05:27]} 39. Kg3 {[%clk 0:39:04]} Qf6
{[%clk 0:03:26]} 40. Ne5 {[%clk 0:37:17]} Qe7 {[%clk 0:03:02]} 41. h5
{[%clk 1:03:31]} Qa3 {[%clk 0:31:13]} 42. hxg6+ {[%clk 1:03:35]} fxg6
{[%clk 0:29:06]} 43. Qd4 {[%clk 1:03:45]} Bxe5 {[%clk 0:27:18]} 44. fxe5
{[%clk 1:03:47]} Re7 {[%clk 0:15:31]} 45. Qxe4 {[%clk 0:58:47]} Qa1
{[%clk 0:14:05]} 46. Qf3 {[%clk 0:56:07]} Qxa4 {[%clk 0:09:41]} 47. e6
{[%clk 0:54:38]} Qb4 {[%clk 0:09:36]} 48. Rd7 {[%clk 0:52:03]} Rxd7
{[%clk 0:10:04]} 49. exd7 {[%clk 0:51:25]} Qd6+ {[%clk 0:10:30]} 50. Kh3 Qxd7 51.
Qc6 {[%clk 0:50:32]} Qd8 {[%clk 0:09:21]} 52. Kg3 {[%clk 0:50:06]} a4
{[%clk 0:09:02]} 53. Kf3 {[%clk 0:48:30]} a3 {[%clk 0:08:51]} 54. Qb7+
{[%clk 0:48:11]} Kg8 {[%clk 0:08:53]} 55. Qa6 Qd5+ {[%clk 0:08:45]} 56. Kg3
{[%clk 0:43:37]} a2 {[%clk 0:08:57]} 57. Qc8+ {[%clk 0:43:02]} Kg7
{[%clk 0:09:18]} 58. Qc3+ {[%clk 0:41:50]} Kf7 {[%clk 0:09:19]} 59. Qc7+
{[%clk 0:40:59]} Ke6 {[%clk 0:09:07]} 60. Qc8+ {[%clk 0:40:09]} Kd6
{[%clk 0:08:59]} 61. Qf8+ {[%clk 0:39:06]} Ke5 {[%clk 0:09:10]} 62. Qe7+
{[%clk 0:36:58]} Qe6 {[%clk 0:09:26]} 63. Qa3 {[%clk 0:34:08]} Ke4
{[%clk 0:08:09]} 64. Qb4+ {[%clk 0:34:16]} Kd3 {[%clk 0:08:17]} 65. Qd4+
{[%clk 0:31:49]} Kc2 {[%clk 0:08:33]} 66. Kf2 {[%clk 0:28:06]} Qb3
{[%clk 0:07:57]} 67. Qe4+ {[%clk 0:24:44]} Kb2 {[%clk 0:08:10]} 68. Kg3
{[%clk 0:23:21]} a1=Q {[%clk 0:07:30]} 69. Qd4+ {[%clk 0:22:48]} Qc3
{[%clk 0:07:38]} 0-1

[Event "World Chess Olympiad 2018"]
[Site "Batumi"]
[Date "2018.10.03"]
[Round "9"]
[Board "3"]
[WhiteFideId "16900049"]
[White "Espirito Santo Waldyr"]
[BlackFideId "20700059"]
[Black "Mziyako Sobhi"]
[Result "1-0"]
[LiveChessVersion "1.4.8"]
[BlackElo "1405"]
[WhiteElo "1903"]

1. e4 {[%clk 1:30:45]} e6 {[%clk 1:30:43]} 2. d4 {[%clk 1:30:55]} d5
{[%clk 1:30:35]} 3. Nc3 {[%clk 1:31:06]} Nf6 {[%clk 1:29:54]} 4. Bg5
{[%clk 1:30:57]} Be7 {[%clk 1:30:04]} 5. e5 {[%clk 1:31:03]} Nfd7
{[%clk 1:30:19]} 6. Bxe7 {[%clk 1:31:15]} Qxe7 {[%clk 1:30:38]} 7. Nb5
{[%clk 1:31:28]} Qd8 {[%clk 1:30:16]} 8. c3 {[%clk 1:31:06]} a6 {[%clk 1:30:06]}
9. Na3 {[%clk 1:31:16]} c5 {[%clk 1:29:53]} 10. Nc2 {[%clk 1:31:23]} cxd4
{[%clk 1:28:27]} 11. cxd4 {[%clk 1:31:34]} Nc6 {[%clk 1:28:41]} 12. Qd2
{[%clk 1:30:46]} O-O {[%clk 1:25:47]} 13. Nf3 {[%clk 1:30:43]} f6
{[%clk 1:25:17]} 14. exf6 {[%clk 1:30:28]} Nxf6 15. Bd3 Qe7 {[%clk 1:20:41]} 16.
O-O {[%clk 1:27:18]} Bd7 {[%clk 1:20:19]} 17. Rfe1 {[%clk 1:27:05]} Rae8
{[%clk 1:20:35]} 18. Qg5 {[%clk 1:15:23]} Bc8 {[%clk 1:15:59]} 19. Rac1
{[%clk 1:12:49]} Qf7 {[%clk 1:15:32]} 20. Re2 {[%clk 1:09:34]} Qh5
{[%clk 1:14:14]} 21. Rce1 {[%clk 1:02:38]} Qxg5 {[%clk 1:13:26]} 22. Nxg5
{[%clk 1:03:02]} Nd8 {[%clk 1:13:40]} 23. Nb4 {[%clk 0:57:48]} g6
{[%clk 1:12:26]} 24. Rc1 {[%clk 0:55:36]} Nf7 {[%clk 1:05:26]} 25. Nf3
{[%clk 0:52:15]} a5 {[%clk 1:02:44]} 26. Nc2 {[%clk 0:51:54]} Re7
{[%clk 1:01:15]} 27. Na3 {[%clk 0:50:19]} Nd6 {[%clk 0:59:09]} 28. Ne5
{[%clk 0:47:32]} Rd8 {[%clk 0:54:50]} 29. Rec2 {[%clk 0:46:57]} Nfe8
{[%clk 0:53:31]} 30. Bb5 {[%clk 0:44:00]} Kf8 {[%clk 0:47:16]} 31. f3
{[%clk 0:41:05]} Kg7 {[%clk 0:42:20]} 32. Ba4 {[%clk 0:37:21]} Kf6
{[%clk 0:39:46]} 33. Rc5 {[%clk 0:33:19]} Nf5 {[%clk 0:32:11]} 34. Ng4+
{[%clk 0:30:07]} Kg7 {[%clk 0:28:32]} 35. Rxc8 {[%clk 0:29:46]} Nxd4
{[%clk 0:26:29]} 36. Rxd8 {[%clk 0:26:37]} Ne2+ {[%clk 0:26:38]} 37. Kf1
{[%clk 0:26:28]} Nxc1 {[%clk 0:26:58]} 38. Rxe8 {[%clk 0:26:29]} Rxe8
{[%clk 0:27:14]} 39. Bxe8 {[%clk 0:26:47]} Nxa2 {[%clk 0:27:39]} 40. Nc2
{[%clk 0:25:35]} Nc1 {[%clk 0:27:29]} 41. Nd4 {[%clk 0:54:11]} Kf8
{[%clk 0:56:52]} 42. Bb5 {[%clk 0:50:31]} Ke7 {[%clk 0:54:36]} 43. Ne5
{[%clk 0:46:45]} Kd6 {[%clk 0:54:52]} 44. Nd3 {[%clk 0:46:48]} Nxd3
{[%clk 0:54:57]} 45. Bxd3 {[%clk 0:47:05]} e5 {[%clk 0:55:11]} 46. Nc2
{[%clk 0:45:29]} Kc5 {[%clk 0:55:34]} 47. Ke2 {[%clk 0:45:33]} b5
{[%clk 0:55:55]} 48. Na3 {[%clk 0:43:38]} b4 {[%clk 0:55:55]} 49. Nc2
{[%clk 0:43:45]} a4 {[%clk 0:56:14]} 50. Kd2 {[%clk 0:43:31]} b3 {[%clk 0:56:11]}
51. Na3 {[%clk 0:43:30]} Kd4 {[%clk 0:56:28]} 52. h4 {[%clk 0:42:17]} e4
{[%clk 0:56:52]} 53. Nb5+ {[%clk 0:41:28]} Ke5 {[%clk 0:55:35]} 54. fxe4
{[%clk 0:40:38]} dxe4 {[%clk 0:55:57]} 55. Bc4 {[%clk 0:38:29]} Kf4
{[%clk 0:55:48]} 56. Bg8 {[%clk 0:35:45]} h6 {[%clk 0:55:43]} 57. Bh7
{[%clk 0:35:59]} g5 {[%clk 0:56:10]} 58. hxg5 {[%clk 0:34:46]} hxg5
{[%clk 0:56:35]} 59. Ke2 {[%clk 0:34:31]} g4 {[%clk 0:56:44]} 60. Bg6
{[%clk 0:34:03]} g3 {[%clk 0:56:53]} 61. Bh7 {[%clk 0:34:08]} Ke5
{[%clk 0:57:08]} 62. Ke3 {[%clk 0:33:41]} Kd5 63. Nc3+ {[%clk 0:33:32]} Kc4
{[%clk 0:57:47]} 64. Nxa4 {[%clk 0:33:34]} 1-0

[Event "World Chess Olympiad 2018"]
[Site "Batumi"]
[Date "2018.10.03"]
[Round "9"]
[Board "1"]
[WhiteFideId "1018000"]
[White "Blijstra Wim"]
[BlackFideId "12100293"]
[Black "Nezad Husein Aziz"]
[Result "0-1"]
[LiveChessVersion "1.4.8"]
[BlackElo "2412"]
[WhiteElo "2211"]

1. d4 {[%clk 1:30:52]} d5 {[%clk 1:30:26]} 2. Nf3 {[%clk 1:31:05]} Nf6
{[%clk 1:30:47]} 3. Bf4 {[%clk 1:31:27]} c5 {[%clk 1:30:45]} 4. e3
{[%clk 1:31:39]} Nc6 {[%clk 1:30:57]} 5. c3 {[%clk 1:27:54]} Qb6 {[%clk 1:31:02]}
6. Qb3 {[%clk 1:28:01]} c4 {[%clk 1:31:17]} 7. Qc2 {[%clk 1:27:57]} Bf5
{[%clk 1:31:35]} 8. Qc1 {[%clk 1:28:03]} e6 {[%clk 1:31:59]} 9. Nbd2
{[%clk 1:28:16]} Be7 {[%clk 1:31:35]} 10. Nh4 {[%clk 1:26:13]} O-O
{[%clk 1:27:17]} 11. Nxf5 {[%clk 1:26:06]} exf5 {[%clk 1:27:45]} 12. Be2
{[%clk 1:24:22]} Qd8 {[%clk 1:26:44]} 13. b3 {[%clk 1:24:12]} b5 {[%clk 1:26:13]}
14. O-O {[%clk 1:18:05]} Qd7 {[%clk 1:23:40]} 15. a4 {[%clk 1:09:33]} a6
{[%clk 1:24:01]} 16. Qc2 {[%clk 1:08:16]} g6 {[%clk 1:22:28]} 17. Nf3
{[%clk 0:57:08]} Bd6 {[%clk 1:19:41]} 18. Bxd6 {[%clk 0:48:43]} Qxd6
{[%clk 1:20:03]} 19. Ra2 {[%clk 0:48:52]} Rab8 {[%clk 1:14:57]} 20. axb5
{[%clk 0:47:25]} axb5 {[%clk 1:15:25]} 21. Ra6 {[%clk 0:47:40]} Qc7
{[%clk 1:13:32]} 22. Rfa1 {[%clk 0:44:50]} Kg7 {[%clk 1:13:47]} 23. Nd2
{[%clk 0:43:54]} Rfc8 {[%clk 1:10:34]} 24. b4 {[%clk 0:42:25]} h5
{[%clk 1:01:48]} 25. h4 {[%clk 0:40:44]} Re8 {[%clk 0:44:34]} 26. g3
{[%clk 0:40:26]} Re7 {[%clk 0:36:57]} 27. Kg2 {[%clk 0:40:33]} Rbe8
{[%clk 0:36:35]} 28. Bf3 {[%clk 0:40:04]} Rb8 {[%clk 0:32:03]} 29. R1a3
{[%clk 0:38:01]} Ree8 {[%clk 0:29:15]} 30. Qb2 {[%clk 0:37:28]} Rec8
{[%clk 0:28:19]} 31. Qb1 {[%clk 0:37:31]} Qd6 {[%clk 0:28:15]} 32. Qb2
{[%clk 0:36:56]} Nd7 {[%clk 0:26:06]} 33. Ra1 {[%clk 0:36:44]} Nb6
{[%clk 0:24:53]} 34. Bd1 {[%clk 0:36:59]} Qc7 {[%clk 0:21:40]} 35. Nf3
{[%clk 0:37:06]} Qb7 {[%clk 0:20:41]} 36. R6a3 {[%clk 0:37:19]} f6
{[%clk 0:19:59]} 37. Bc2 {[%clk 0:36:41]} Ra8 {[%clk 0:19:36]} 38. Nd2
{[%clk 0:36:52]} Rxa3 {[%clk 0:19:24]} 39. Rxa3 {[%clk 0:37:20]} Ra8
{[%clk 0:19:26]} 40. Qa1 {[%clk 1:07:37]} Rxa3 {[%clk 0:45:01]} 41. Qxa3
{[%clk 1:08:05]} Qa7 {[%clk 0:44:36]} 42. Nb1 {[%clk 1:08:13]} Nc8
{[%clk 0:41:09]} 43. Qxa7+ {[%clk 1:07:37]} N6xa7 {[%clk 0:40:12]} 44. Na3
{[%clk 1:07:34]} Nd6 {[%clk 0:40:36]} 45. f3 {[%clk 1:07:41]} Nac8
{[%clk 0:39:39]} 46. Kf2 {[%clk 1:07:49]} Ne7 {[%clk 0:37:44]} 47. Ke2
{[%clk 1:08:00]} g5 {[%clk 0:37:00]} 48. Kf2 {[%clk 1:06:34]} Ng6
{[%clk 0:31:24]} 49. hxg5 {[%clk 1:06:15]} fxg5 {[%clk 0:31:52]} 50. Kg2
{[%clk 1:01:37]} Kf6 {[%clk 0:28:19]} 51. Kf2 {[%clk 1:01:05]} Ke6
{[%clk 0:21:40]} 52. Bb1 {[%clk 0:58:54]} Ne7 {[%clk 0:21:31]} 53. Bc2
{[%clk 0:54:03]} Nec8 {[%clk 0:21:53]} 54. Ke2 {[%clk 0:41:24]} Nb6
{[%clk 0:22:17]} 55. Kf1 {[%clk 0:36:15]} Kd7 {[%clk 0:21:55]} 56. Kf2
{[%clk 0:34:19]} Kc6 {[%clk 0:22:16]} 57. Bd1 {[%clk 0:32:46]} Na4
{[%clk 0:22:21]} 58. Nb1 {[%clk 0:33:05]} Kd7 {[%clk 0:21:44]} 59. Kf1
{[%clk 0:33:18]} Ke6 {[%clk 0:19:52]} 60. Kf2 {[%clk 0:33:01]} Kf6
{[%clk 0:16:45]} 61. Be2 {[%clk 0:33:13]} g4 {[%clk 0:11:12]} 62. Bd1
{[%clk 0:29:47]} Kg5 {[%clk 0:11:33]} 63. f4+ {[%clk 0:29:55]} Kf6
{[%clk 0:09:47]} 64. Bc2 {[%clk 0:30:02]} Ke6 {[%clk 0:09:53]} 65. Ke2
{[%clk 0:27:04]} Nb6 {[%clk 0:08:37]} 66. Kf2 {[%clk 0:27:03]} Nd7
{[%clk 0:07:25]} 67. Kg2 {[%clk 0:26:20]} Nf6 {[%clk 0:07:49]} 68. Nd2
{[%clk 0:26:42]} Kf7 {[%clk 0:07:15]} 69. Nb1 {[%clk 0:23:36]} Nfe4
{[%clk 0:05:37]} 70. Bd1 {[%clk 0:22:13]} Kg6 {[%clk 0:05:13]} 71. Bc2
{[%clk 0:22:35]} h4 {[%clk 0:05:30]} 72. gxh4 {[%clk 0:22:53]} Kh5
{[%clk 0:05:53]} 73. Bd1 {[%clk 0:22:54]} Kxh4 {[%clk 0:05:57]} 74. Bc2
{[%clk 0:22:54]} g3 {[%clk 0:04:13]} 75. Bd1 {[%clk 0:22:39]} Nf2
{[%clk 0:04:14]} 76. Bf3 {[%clk 0:21:59]} Nde4 {[%clk 0:04:38]} 77. Kf1
{[%clk 0:21:47]} Kh3 {[%clk 0:04:05]} 78. Kg1 {[%clk 0:21:36]} Ng4
{[%clk 0:02:40]} 79. Bxe4 {[%clk 0:21:45]} dxe4 {[%clk 0:02:51]} 80. d5
{[%clk 0:21:57]} g2 {[%clk 0:02:27]} 81. d6 {[%clk 0:22:18]} Nh2 {[%clk 0:02:47]}
82. Nd2 {[%clk 0:21:02]} Nf3+ {[%clk 0:03:15]} 0-1

[Event "World Chess Olympiad 2018"]
[Site "Batumi"]
[Date "2018.10.03"]
[Round "9"]
[Board "2"]
[WhiteFideId "12101001"]
[White "Salih Al Hor"]
[BlackFideId "7501013"]
[Black "Bemmelen van Ursus"]
[Result "1-0"]
[LiveChessVersion "1.4.8"]
[BlackElo "2152"]
[WhiteElo "1847"]

1. e4 {[%clk 1:30:17]} c5 {[%clk 1:30:50]} 2. c3 {[%clk 1:30:44]} d6
{[%clk 1:30:48]} 3. d4 {[%clk 1:31:09]} Nd7 {[%clk 1:30:49]} 4. Nf3
{[%clk 1:30:39]} e6 {[%clk 1:30:46]} 5. Bg5 {[%clk 1:30:27]} Be7 {[%clk 1:30:52]}
6. Bxe7 {[%clk 1:30:49]} Qxe7 {[%clk 1:30:56]} 7. Bd3 {[%clk 1:29:31]} Ngf6
{[%clk 1:30:18]} 8. O-O {[%clk 1:28:38]} O-O {[%clk 1:29:36]} 9. Bc2
{[%clk 1:26:27]} e5 {[%clk 1:26:53]} 10. Na3 {[%clk 1:21:13]} Nb6
{[%clk 1:18:40]} 11. h3 {[%clk 1:19:16]} Bd7 {[%clk 1:15:07]} 12. Qd2
{[%clk 1:18:49]} Bc6 {[%clk 1:06:43]} 13. d5 {[%clk 1:18:06]} Bd7
{[%clk 1:06:20]} 14. Kh2 {[%clk 1:17:58]} Nh5 {[%clk 1:04:29]} 15. g3
{[%clk 1:18:06]} Qf6 {[%clk 0:59:19]} 16. Nh4 {[%clk 1:17:07]} g6
{[%clk 0:48:01]} 17. Bd1 {[%clk 1:15:12]} Nf4 {[%clk 0:43:10]} 18. Bg4
{[%clk 1:13:21]} Rae8 {[%clk 0:39:11]} 19. Nf3 {[%clk 1:05:06]} Bxg4
{[%clk 0:25:33]} 20. hxg4 {[%clk 1:05:26]} Nfxd5 {[%clk 0:25:19]} 21. Kg2
{[%clk 1:05:22]} Nc7 {[%clk 0:22:28]} 22. Rh1 {[%clk 1:03:12]} Qe7
{[%clk 0:18:23]} 23. Ng5 {[%clk 1:00:11]} h6 {[%clk 0:16:58]} 24. Nh7
{[%clk 0:57:39]} g5 {[%clk 0:14:53]} 25. Rxh6 {[%clk 0:43:03]} Kg7
{[%clk 0:15:02]} 26. Rah1 {[%clk 0:43:19]} Rh8 {[%clk 0:14:57]} 27. Rf6
{[%clk 0:42:41]} Ne6 {[%clk 0:13:35]} 28. Rfh6 {[%clk 0:34:36]} Nf8
{[%clk 0:13:29]} 29. Nf6 {[%clk 0:30:31]} Rxh6 {[%clk 0:11:05]} 30. Rxh6
{[%clk 0:23:40]} Ne6 {[%clk 0:09:11]} 31. Nxe8+ {[%clk 0:23:48]} Kxh6
{[%clk 0:09:37]} 32. Nxd6 {[%clk 0:23:56]} Kg6 {[%clk 0:09:18]} 33. Nab5
{[%clk 0:21:41]} a6 {[%clk 0:08:55]} 34. Nf5 {[%clk 0:21:53]} Qe8
{[%clk 0:08:05]} 35. Nbd6 {[%clk 0:20:40]} Qd7 {[%clk 0:05:36]} 36. Qd1
{[%clk 0:19:03]} c4 {[%clk 0:01:43]} 37. Qh1 {[%clk 0:19:26]} 1-0

[Event "World Chess Olympiad 2018"]
[Site "Batumi"]
[Date "2018.10.03"]
[Round "9"]
[Board "3"]
[WhiteFideId "7501005"]
[White "Capella Rurik"]
[BlackFideId "12100986"]
[Black "Ghanem Al Shamari"]
[Result "1-0"]
[LiveChessVersion "1.4.8"]
[BlackElo "1840"]
[WhiteElo "1979"]

1. e4 {[%clk 1:30:45]} c5 {[%clk 1:30:56]} 2. Nc3 {[%clk 1:30:16]} Nc6
{[%clk 1:31:19]} 3. f4 {[%clk 1:30:37]} g6 {[%clk 1:31:31]} 4. Nf3
{[%clk 1:30:59]} d6 {[%clk 1:31:35]} 5. Bc4 {[%clk 1:30:52]} Bg7 {[%clk 1:31:31]}
6. O-O {[%clk 1:31:03]} Nh6 {[%clk 1:31:34]} 7. d3 {[%clk 1:30:25]} O-O
{[%clk 1:31:53]} 8. h3 {[%clk 1:26:58]} Kh8 {[%clk 1:30:19]} 9. Be3
{[%clk 1:25:54]} f5 {[%clk 1:29:49]} 10. Qd2 {[%clk 1:25:25]} Nf7
{[%clk 1:29:07]} 11. Kh1 {[%clk 1:15:25]} Nd4 {[%clk 1:27:27]} 12. Nd1
{[%clk 1:06:17]} Bd7 {[%clk 1:23:32]} 13. c3 {[%clk 1:06:05]} Nc6
{[%clk 1:21:57]} 14. Nf2 {[%clk 1:01:27]} e5 {[%clk 1:16:58]} 15. Bxf7
{[%clk 0:56:40]} Rxf7 {[%clk 1:17:16]} 16. fxe5 {[%clk 0:56:41]} Nxe5
{[%clk 1:16:51]} 17. Nxe5 {[%clk 0:49:35]} Bxe5 {[%clk 1:16:29]} 18. d4
{[%clk 0:44:41]} cxd4 {[%clk 1:14:23]} 19. Bxd4 {[%clk 0:43:49]} Qh4
{[%clk 1:11:38]} 20. Bxe5+ dxe5 {[%clk 1:11:53]} 21. Qd5 {[%clk 0:43:07]} Qf6
{[%clk 1:09:33]} 22. Ng4 {[%clk 0:41:26]} Qg7 {[%clk 1:05:43]} 23. Nxe5
{[%clk 0:38:20]} Re7 {[%clk 1:05:35]} 24. Qxb7 {[%clk 0:34:10]} Rae8
{[%clk 1:04:11]} 25. Nxd7 {[%clk 0:29:17]} Rxd7 {[%clk 1:04:31]} 26. Qc6
{[%clk 0:29:38]} fxe4 {[%clk 1:04:02]} 27. Rad1 {[%clk 0:29:31]} Rde7
{[%clk 1:03:16]} 28. Qf6 {[%clk 0:28:20]} Qxf6 {[%clk 0:57:33]} 29. Rxf6
{[%clk 0:28:47]} e3 {[%clk 0:57:48]} 30. Rfd6 {[%clk 0:22:12]} e2
{[%clk 0:55:05]} 31. Re1 {[%clk 0:22:38]} Rf7 {[%clk 0:54:29]} 32. Kg1
{[%clk 0:22:43]} Kg7 {[%clk 0:53:21]} 33. c4 {[%clk 0:20:16]} Rc7
{[%clk 0:53:18]} 34. b3 {[%clk 0:20:31]} a5 {[%clk 0:53:30]} 35. Rd2
{[%clk 0:20:26]} Rce7 {[%clk 0:53:52]} 36. c5 {[%clk 0:19:32]} Kf8
{[%clk 0:52:13]} 37. c6 {[%clk 0:18:25]} Rc7 {[%clk 0:51:50]} 38. Rc2
{[%clk 0:18:33]} Re6 {[%clk 0:51:50]} 39. Rexe2 {[%clk 0:12:30]} Rcxc6
{[%clk 0:51:14]} 40. Rf2+ {[%clk 0:42:39]} Ke7 {[%clk 1:21:11]} 41. Rxc6
{[%clk 0:42:37]} Rxc6 {[%clk 1:21:33]} 42. Rd2 {[%clk 0:42:52]} Rd6
{[%clk 1:20:42]} 43. Rc2 {[%clk 0:40:32]} Rd5 {[%clk 1:19:44]} 44. Rc7+
{[%clk 0:39:44]} Rd7 {[%clk 1:18:25]} 45. Rc5 {[%clk 0:36:48]} Ra7
{[%clk 1:18:26]} 46. g4 {[%clk 0:35:28]} 1-0

[Event "World Chess Olympiad 2018"]
[Site "Batumi"]
[Date "2018.10.03"]
[Round "9"]
[Board "1"]
[WhiteFideId "14306310"]
[White "Degondo Simplice Armel"]
[BlackFideId "9200711"]
[Black "Alharari Mohammed Alsouri"]
[Result "1-0"]
[LiveChessVersion "1.4.8"]
[BlackElo "2038"]
[WhiteElo "2138"]

1. e4 {[%clk 1:30:57]} d5 {[%clk 1:30:56]} 2. exd5 {[%clk 1:31:18]} Qxd5
{[%clk 1:31:19]} 3. Nc3 {[%clk 1:31:42]} Qd6 {[%clk 1:31:45]} 4. d4
{[%clk 1:31:08]} Nf6 {[%clk 1:32:11]} 5. Bd3 {[%clk 1:30:58]} a6 {[%clk 1:31:45]}
6. Nge2 {[%clk 1:31:05]} Bg4 {[%clk 1:22:57]} 7. f3 {[%clk 1:31:26]} Bh5
{[%clk 1:23:22]} 8. Bf4 {[%clk 1:31:55]} Qb6 {[%clk 1:23:02]} 9. Qd2
{[%clk 1:32:13]} e6 {[%clk 1:21:36]} 10. O-O-O {[%clk 1:32:39]} Bd6
{[%clk 1:16:32]} 11. Be3 {[%clk 1:28:23]} Qa5 {[%clk 1:13:28]} 12. Kb1
{[%clk 1:28:10]} Nbd7 {[%clk 1:04:47]} 13. Qc1 {[%clk 1:21:25]} Bg6
{[%clk 0:57:59]} 14. Ne4 {[%clk 1:20:14]} Nd5 {[%clk 0:55:38]} 15. Bd2
{[%clk 1:20:16]} Nb4 {[%clk 0:50:49]} 16. Bc4 {[%clk 1:09:07]} Qb6
{[%clk 0:39:29]} 17. h4 {[%clk 1:00:49]} h6 {[%clk 0:35:48]} 18. Bb3
{[%clk 0:59:52]} O-O-O {[%clk 0:29:56]} 19. a3 {[%clk 0:57:29]} Nd5
{[%clk 0:28:25]} 20. Ka2 {[%clk 0:57:27]} N5f6 {[%clk 0:24:47]} 21. c4
{[%clk 0:46:35]} Be7 {[%clk 0:22:01]} 22. c5 {[%clk 0:43:14]} Qc6
{[%clk 0:20:17]} 23. N2c3 {[%clk 0:43:40]} Nxe4 {[%clk 0:20:12]} 24. fxe4
{[%clk 0:44:03]} Bxe4 {[%clk 0:18:54]} 25. Ba4 {[%clk 0:44:20]} Bd5+
{[%clk 0:19:20]} 26. Ka1 {[%clk 0:44:49]} b5 {[%clk 0:19:34]} 27. cxb6
{[%clk 0:44:35]} Qxb6 {[%clk 0:19:25]} 28. Nxd5 {[%clk 0:44:53]} exd5
{[%clk 0:19:41]} 29. Qc2 {[%clk 0:41:28]} Nf6 {[%clk 0:10:41]} 30. Qf5+
{[%clk 0:41:29]} Qe6 {[%clk 0:08:16]} 31. Qd3 {[%clk 0:41:58]} Ne4
{[%clk 0:08:19]} 32. Ba5 {[%clk 0:42:19]} Rd6 {[%clk 0:07:23]} 33. Rc1
{[%clk 0:42:40]} Bd8 {[%clk 0:07:41]} 34. Rc2 {[%clk 0:42:34]} f5
{[%clk 0:04:49]} 35. Rhc1 {[%clk 0:42:53]} Qe7 {[%clk 0:03:11]} 36. Rc6
{[%clk 0:43:04]} Rxc6 {[%clk 0:02:08]} 37. Rxc6 {[%clk 0:43:30]} Nd6
{[%clk 0:01:28]} 38. Qxa6+ {[%clk 0:43:57]} Kb8 {[%clk 0:01:47]} 39. Bb4
{[%clk 0:42:29]} Qf7 {[%clk 0:00:34]} 40. Bc5 {[%clk 1:11:55]} Nc8
{[%clk 0:30:34]} 41. Re6 {[%clk 1:10:38]} c6 {[%clk 0:00:30]} 42. Bxc6
{[%clk 1:10:51]} 1-0

[Event "World Chess Olympiad 2018"]
[Site "Batumi"]
[Date "2018.10.03"]
[Round "9"]
[Board "2"]
[WhiteFideId "9202609"]
[White "Abo Moliana Montasar"]
[BlackFideId "20800088"]
[Black "Ble Kouko Hubert"]
[Result "1/2-1/2"]
[LiveChessVersion "1.4.8"]
[BlackElo "1829"]
[WhiteElo "1993"]

1. e4 {[%clk 1:30:59]} e5 {[%clk 1:30:52]} 2. Nf3 {[%clk 1:31:24]} Nc6
{[%clk 1:31:17]} 3. Bb5 {[%clk 1:31:48]} a6 {[%clk 1:31:41]} 4. Bxc6
{[%clk 1:32:13]} dxc6 {[%clk 1:31:49]} 5. d3 {[%clk 1:32:38]} f6 {[%clk 1:31:19]}
6. Nbd2 {[%clk 1:32:59]} Be6 {[%clk 1:29:59]} 7. a3 {[%clk 1:32:30]} Ne7
{[%clk 1:28:56]} 8. Nf1 {[%clk 1:29:08]} Ng6 {[%clk 1:28:19]} 9. Ng3
{[%clk 1:29:28]} Qd7 {[%clk 1:28:23]} 10. Bd2 {[%clk 1:27:33]} Bc5
{[%clk 1:28:15]} 11. Be3 {[%clk 1:24:47]} Bxe3 {[%clk 1:20:22]} 12. fxe3
{[%clk 1:25:06]} O-O-O {[%clk 1:20:36]} 13. b4 {[%clk 1:24:05]} h5
{[%clk 1:17:47]} 14. O-O {[%clk 1:21:04]} h4 {[%clk 1:11:36]} 15. Ne2
{[%clk 1:21:19]} h3 {[%clk 1:09:27]} 16. g3 {[%clk 1:21:33]} Qe7 {[%clk 1:06:47]}
17. Qd2 {[%clk 1:17:42]} Rh5 {[%clk 0:59:35]} 18. Qc3 {[%clk 1:14:26]} Qd6
{[%clk 0:53:24]} 19. a4 {[%clk 1:07:31]} b6 {[%clk 0:53:14]} 20. d4
{[%clk 0:46:41]} Kb7 {[%clk 0:50:42]} 21. Rad1 {[%clk 0:39:30]} Qe7
{[%clk 0:50:47]} 22. a5 {[%clk 0:38:19]} b5 {[%clk 0:50:52]} 23. Nc1
{[%clk 0:34:06]} Bc4 {[%clk 0:46:45]} 24. Nd3 {[%clk 0:29:34]} Bxd3
{[%clk 0:34:33]} 25. cxd3 {[%clk 0:29:50]} Qe6 {[%clk 0:32:19]} 26. Rc1
{[%clk 0:29:57]} Rd7 {[%clk 0:32:12]} 27. Rf2 {[%clk 0:29:31]} Qd6
{[%clk 0:20:38]} 28. Rfc2 {[%clk 0:29:27]} Ne7 {[%clk 0:20:11]} 29. Qb3
{[%clk 0:26:07]} g5 {[%clk 0:16:35]} 30. Rc5 {[%clk 0:25:06]} g4 {[%clk 0:16:36]}
31. Ne1 {[%clk 0:18:20]} Rh7 {[%clk 0:15:24]} 32. dxe5 {[%clk 0:18:14]} fxe5
{[%clk 0:14:35]} 1/2-1/2